| Tag |
First Indicator |
Second Indicator |
Subfields |
| LEADER |
00000cam a2200000 a 4500 |
| 001 |
in00000351621 |
| 005 |
20151011064651.0 |
| 008 |
800924s1979 enka j 00110 eng d |
| 035 |
|
|
|a (OCoLC)06750155
|
| 035 |
|
|
|9 ABN4859AM
|
| 040 |
|
|
|a COA
|c COA
|d TXA
|d UtOrBLW
|
| 049 |
|
|
|a [Curr Col] TXAM
|c [1657181]
|
| 090 |
|
|
|a TK9360
|b M36 1983
|
| 100 |
1 |
|
|a Mann, C. A.
|
| 245 |
1 |
0 |
|a Nuclear fuel /
|c C.A. Mann.
|
| 264 |
|
1 |
|a Hove, East Sussex :
|b Wayland,
|c 1979
|
| 264 |
|
3 |
|c 1983 printing
|
| 300 |
|
|
|a 72 pages :
|b illustrations ;
|c 20 x 22 cm.
|
| 336 |
|
|
|a text
|b txt
|2 rdacontent
|
| 337 |
|
|
|a unmediated
|b n
|2 rdamedia
|
| 338 |
|
|
|a volume
|b nc
|2 rdacarrier
|
| 490 |
1 |
|
|a World resources series
|
| 500 |
|
|
|a Includes index.
|
| 650 |
|
0 |
|a Nuclear fuels
|x Juvenile literature.
|
| 651 |
|
0 |
|a Ur (Extinct city)
|
| 830 |
|
0 |
|a World resources series.
|
| 999 |
|
|
|a MARS
|
| 999 |
f |
f |
|s e0e3b19e-8452-397e-987c-1f5179610bfc
|i 5459ba94-67d1-33bd-bf49-0341ccbed77a
|t 0
|
| 952 |
f |
f |
|p ric
|a Texas A&M University
|b Rellis Campus
|c Joint Library Facility
|d Remote Storage
|t 0
|e TK9360 M36 1983
|h Library of Congress classification
|i unmediated -- volume
|m A14807407797
|
| 998 |
f |
f |
|a TK9360 M36 1983
|t 0
|l Remote Storage
|